000 00451nam a22001577a 4500
005 20251108163335.0
008 250721s1987 xx 000 0 ara d
082 1 4 _a133صال
100 1 _aهويدي، صالح
245 1 0 _aالباراسيكولوجي :
_bما وراء علم النفس /
264 1 _aعمان :
_bدار أبو شنب،
_c1987.
300 _a119 ص
650 1 7 _aعلم نفس التخاطر
942 _2ddc
_cBK
999 _c236
_d236